000 00310nam a2200145Ia 4500
100 _aShinskey/ F.G.
942 _cBK
654 _aProcess control
245 _aProcess Control Systems
260 _bMc Graw Hill
_aSingapore
_c1988
082 _a660.281
300 _a525
546 _aENGLISH
999 _c31488
_d31488